<The> Impact of the market on the pricing of the insurance product

Na minha lista:
Detalhes bibliográficos
Autor principal: Strešňáková, Anna, 1976-
Outros Autores: Bilíková, Mária, 1951-
Formato: Capítulo de Livro
Idioma:inglês
Tags: Adicionar Tag
Sem tags, seja o primeiro a adicionar uma tag!

MARC

LEADER 00000naa$a2200000$$$4500
001 0237418
005 20240502073832.3
041 0 |a eng 
044 |a SK 
245 1 0 |a <The> Impact of the market on the pricing of the insurance product  |c Anna Strešňáková, Mária Bilíková 
500 |a Abstrakt 
100 1 |a Strešňáková, Anna, 1976- 
700 1 |a Bilíková, Mária, 1951-